| 000 | 00518nam a22001697a 4500 | ||
|---|---|---|---|
| 005 | 20230118113303.0 | ||
| 008 | 200205b xxu||||| |||| 00| 0 eng d | ||
| 020 | _a9789381238158 | ||
| 041 | _aeng | ||
| 110 | _aGovernment of india :ministry of health & family welfare | ||
| 111 |
_aMinistry of health & family welfare _95111 |
||
| 245 | _aINDIAN PHARMACOPOEIA 2018 (VOL-1) | ||
| 260 |
_aGHAZIABAD _bTHE INDIAN PHARMACOPOEIA COMMISSION _c2018 |
||
| 300 | _a1067 | ||
| 650 |
_aPHARMACY _xD.PHARMA _97090 |
||
| 942 | _cREF | ||
| 999 |
_c6019 _d6017 |
||